00399 2200157 4500001002100000008004100021035002000062245003300082100002000115260002800135300002200163020002200185084001400207082000800221990001200229INLIS000000000002771 IND  a0010-0925000118 aCinta FarelcKeenan Shazahda aKeenan Shazahda aJakartabEuthaniac2016 a150c(13 x 19 cm) a978-602-398-007-9 a813 KEE c a813 a0754993